[Event "Belgrade Trophy 29th"]
[Site "Belgrade"]
[Date "2015.12.02"]
[Round "9"]
[White "Djokic, Nebojsa"]
[Black "Radlovacki, Jovan"]
[Result "0-1"]
[WhiteElo "2245"]
[BlackElo "2381"]
[PlyCount "108"]
[EventDate "2015.11.24"]
[EventType "swiss"]
[EventRounds "9"]
[EventCountry "SRB"]
[SourceTitle "CBM 169 Extra"]
[Source "ChessBase"]
[SourceDate "2015.12.18"]
[SourceVersion "1"]
[SourceVersionDate "2015.12.18"]
[SourceQuality "1"]

1. e4 c6 2. d4 d5 3. Nc3 dxe4 4. Nxe4 Nf6 5. Nxf6+ exf6 6. c3 Bd6 7. Nf3 0-0 8. Be2 Re8 9. 0-0 Bg4 10. h3 Bh5 11. Be3 Bc7 12. Qd2 Qd6 13. g3 Qe6 14. Kg2 Nd7 15. Rae1 Nb6 16. b3 Nd5 17. Bd1 Qf5 18. Nh4 Qe4+ 19. Bf3 Bxf3+ 20. Nxf3 Ba5 21. b4 Bc7 22. c4 Nb6 23. Qc3 Qf5 24. Bd2 Na4 25. Qb3 b5 26. c5 Kf8 27. g4 Qd7 28. Re3 Rxe3 29. Bxe3 Rd8 30. Rd1 Qd5 31. Rd3 h6 32. Qxd5 Rxd5 33. Rb3 f5 34. Bc1 fxg4 35. hxg4 f6 36. Rd3 Kf7 37. Ne1 h5 38. f3 hxg4 39. fxg4 Rd8 40. Nc2 Rh8 41. Ne3 Rh2+ 42. Kf3 Rxa2 43. d5 cxd5 44. Nxd5 Be5 45. Bf4 Nb2 46. Rb3 Nc4 47. Nc3 Ra1 48. Nb1 Bxf4 49. Kxf4 g5+ 50. Ke4 Rxb1 51. Rxb1 Nd2+ 52. Kd5 Nxb1 53. Kd6 Nc3 54. c6 Na4 0-1

[Event "Belgrade Trophy 29th"]
[Site "Belgrade"]
[Date "2015.11.27"]
[Round "4"]
[White "Ilic, Slobodan R"]
[Black "Djokic, Nebojsa"]
[Result "1-0"]
[WhiteElo "2030"]
[BlackElo "2245"]
[PlyCount "65"]
[EventDate "2015.11.24"]
[EventType "swiss"]
[EventRounds "9"]
[EventCountry "SRB"]
[SourceTitle "CBM 170 Extra"]
[Source "ChessBase"]
[SourceDate "2016.02.25"]
[SourceVersion "1"]
[SourceVersionDate "2016.02.25"]
[SourceQuality "1"]

1. c4 g6 2. Nc3 Bg7 3. d4 Nf6 4. Nf3 0-0 5. e3 c5 6. Be2 cxd4 7. Nxd4 Nc6 8. 0-0 Qb6 9. Nb3 d6 10. e4 Be6 11. Be3 Qd8 12. Nd4 Nxd4 13. Bxd4 Nd7 14. Bxg7 Kxg7 15. Qd4+ Kg8 16. f4 Qb6 17. Qxb6 Nxb6 18. b3 Bd7 19. Rac1 a5 20. e5 dxe5 21. c5 Nc8 22. Rcd1 Bc6 23. fxe5 e6 24. Nb5 Bxb5 25. Bxb5 Na7 26. Bd7 Rfd8 27. a3 Kf8 28. Rd6 Nc8 29. Bxc8 Rdxc8 30. Rd7 f5 31. exf6 Rxc5 32. Rxh7 Kg8 33. Rxb7 1-0